000 00762nam a2200277Ia 4500
008 170712s9999 xx 000 0 und d
020 _a9789715906036
050 _a242.4
050 _bC453 2008
100 _aChamplin, Joseph M.
245 _aTake five :
245 _bone hundred meditations to de-stress your days /
245 _cby Joseph M. Champlin.
260 _aPhilippines :
260 _bPaulines,
260 _c2008
300 _a125 pages :
300 _billustrations ;
300 _c17cm.
500 _aIncludes index.
650 _aStress (Psychology) --
650 _aStress management --
650 _aTitle.
650 _xReligious aspects -- Christianity -- Meditation.
650 _xReligious aspects -- Christianity.
999 _c340381
_d340381